01085nam a22002057a 450000500170000000800410001702000180005804000070007604100080008308200240009110000170011524500260013226000340015830000230019236500720021552005360028765000170082365000220084070000170086220241125152433.0241125b ||||| |||| 00| 0 eng d a9789358560749 cAL aeng 223a321.80954bFINC aFinger Print aConstitution of India aNew DelhibFinger Printc2024 a415p.bHBc22x14cm 2Political ScienceaCCX2-1389031b399.00c₹d399.00e-f15-11-2024 aThe Constitution of India is the supreme law of India and the longest written constitution in the world. This edition brings you the bare act with the latest amendments and a history of how this imperative document came into being! A comprehensive document that outlines the framework and structure of India's political system. Enshrines the principles of democracy. Reflects a progressive approach to governance. Reflects changing social, economic, and political conditions over time. A model for governance and democratic values. aConstitution aPolitical Science aFINGER PRINT